Statistics for Clark Gable Filmography

Click here to take the quiz!

General Stats

  • This quiz has been taken 86 times
    (34 since last reset)
  • The average score is 12 of 108

Answer Stats

TypeYearName% Correct
Film1939Gone with the Wind
100%
Film1934It Happened One Night
78%
Film1935Mutiny on the Bounty
56%
Film1960It Started in Naples
44%
Film1934Manhattan Melodrama
44%
Film1953Mogambo
44%
Film1936San Francisco
44%
Film1961The Misfits
44%
Film1931A Free Soul
33%
Film1940Boom Town
33%
Film1959But Not for Me
33%
Film1939Idiot's Delight
33%
Film1950Key to the City
33%
Film1934Men in White
33%
Film1937Parnell
33%
Film1932Red Dust
33%
Film1958Run Silent, Run Deep
33%
Film1937Saratoga
33%
Film1942Somewhere I'll Find You
33%
Film1940Strange Cargo
33%
Film1958Teacher's Pet
33%
Film1938Test Pilot
33%
Film1935The Call of the Wild
33%
Film1947The Hucksters
33%
Film1955The Tall Men
33%
Film1951Across the Wide Missouri
22%
Film1925Ben-Hur: A Tale of the Christ
22%
Film1931Susan Lenox (Her Rise and Fall)
22%
Film1936Wife vs. Secretary
22%
Film1949Any Number Can Play
11%
Film1957Band of Angels
11%
Film1936Cain and Mabel
11%
Film1951Callaway Went Thataway
11%
Film1933Dancing Lady
11%
Short Film1931Jackie Cooper's Birthday Party
11%
Film1933Night Flight
11%
Film1931Possessed
11%
Film1956The King and Four Queens
11%
Film1941They Met in Bombay
11%
Film1945Adventure
0%
Film1935After Office Hours
0%
Film1954Betrayed
0%
Film1934Chained
0%
Film1935China Seas
0%
Short TV Documentary2003Clark Gable and Carole Lombard
0%
Documentary1945Combat America
0%
Film1948Command Decision
0%
Film1940Comrade X
0%
Film1931Dance, Fools, Dance
0%
Documentary1968Dear Mr. Gable
0%
Film1925Déclassée
0%
Film1930Du Barry, Woman of Passion
0%
Film1924Forbidden Paradise
0%
Film1934Forsaking All Others
0%
Short Documentary2008Gable and Crawford
0%
TV Documentary1975Gable: The King Remembered
0%
Theater1929Hawk Island
0%
Film1931Hell Divers
0%
Film1933Hold Your Man
0%
Short Film1938Hollywood Goes to Town
0%
Short Film1935 | 1939Hollywood Hobbies
0%
Short Film1933Hollywood on Parade No. 9
0%
Short Film1937Hollywood Party
0%
Film1948Homecoming
0%
Film1941Honky Tonk
0%
Film1931Laughing Sinners
0%
Film1952Lone Star
0%
Theater1930Love, Honor and Betray
0%
Film1936Love on the Run
0%
Radio Series1939Lux Radio Theatre
0%
Theater1928Machinal
0%
Film1953Never Let Me Go
0%
Film1931Night Nurse
0%
Film1932No Man of Her Own
0%
Film1925North Star
0%
Short Film1940Northward, Ho!
0%
Film1926One Minute to Play
0%
Film1932Polly of the Circus
0%
Short Film1950Screen Actors
0%
Short Film1932Screen Snapshots
0%
Short Film1943Screen Snapshots: Hollywood in Uniform
0%
Short Film1939Screen Snapshots: Stars on Horseback
0%
Short Film1943Show Business at War
0%
Film1955Soldier of Fortune
0%
Radio Special1945Special V-E Day Broadcast
0%
Film1931Sporting Blood
0%
Short Film1935Starlit Days at the Lido
0%
Film1932Strange Interlude
0%
Short Film1937The Candid Camera Story
0%
Short Film1931The Christmas Party
0%
Film1931The Easiest Way
0%
TV Show1953The Ed Sullivan Show
0%
Film1931The Finger Points
0%
Film1926The Johnstown Flood
0%
Film1925The Merry Kiddo
0%
Film1925The Merry Widow
0%
Film1925The Pacemakers
0%
Film1931The Painted Desert
0%
Film1925The Plastic Age
0%
Film1931The Secret Six
0%
Film1933The White Sister
0%
Film1938Too Hot to Handle
0%
Film1950To Please a Lady
0%
Film1925What Price Gloria?
0%
Film1924White Man
0%
Short Documentary1943Wings Up
0%
Short Film1941You Can't Fool a Camera
0%

Score Distribution

Percentile by Number Answered

Percent of People with Each Score

Your Score History

You have not taken this quiz since the last reset